Кремлевская медицина. Клинический вестник. Г.6 1998, 5: Сомнология (Запись № 2521234)

Подробности
000 -МАРКЕР
контрольное поле 01048nam2a22002531 4500
001 - ИДЕНТИФИКАТОР ЗАПИСИ
контрольное поле RU\NLR\INFOCOMM16\1000061555
005 - ИДЕНТИФИКАТОР ВЕРСИИ
контрольное поле 20250617053924.0
035 ## - ДРУГИЕ СИСТЕМНЫЕ НОМЕРА
Идентификатор записи (NLR Aleph) 002492445
100 ## - ДАННЫЕ ОБЩЕЙ ОБРАБОТКИ
Данные общей обработки 20040406d1998 |||y0rusy50 ca
101 0# - ЯЗЫК РЕСУРСА
Язык текста, звукозаписи и т.д. русский
102 ## - СТРАНА ПУБЛИКАЦИИ ИЛИ ПРОИЗВОДСТВА
Страна публикации Российская Федерация
105 ## - ПОЛЕ КОДИРОВАННЫХ ДАННЫХ: ТЕКСТОВЫЕ МАТЕРИАЛЫ, МОНОГРАФИЧЕСКИЕ
Кодированные данные о монографическом текстовом документе y |||||||||
200 1# - ЗАГЛАВИЕ И СВЕДЕНИЯ ОБ ОТВЕТСТВЕННОСТИ
Основное заглавие Сомнология
210 ## - ПУБЛИКАЦИЯ, РАСПРОСТРАНЕНИЕ И ДР.
Дата издания, распространения и т.д. 1998
Место издания, распространения и т.д. Б. м.
300 ## - ОБЩИЕ ПРИМЕЧАНИЯ
Текст примечания Темат. вып.
461 #0 - УРОВЕНЬ НАБОРА
Встроенное поле 001RU\NLR\INFOCOMM16\1000061538
-- 2001#$aКремлевская медицина. Клинический вестник$eЕжекварт. науч.-практ. журн.$vГ.6 1998, 5
Системный номер (АБИС) связанной записи 3046284
Место публикации М.
Дата публикации 1995 -
Имя издателя, распространителя и т.д. Мед. центр Упр. делами Президента Рос. Федерации
Сведения, относящиеся к заглавию Ежекварт. науч.-практ. журн.
Заглавие Кремлевская медицина. Клинический вестник
ISSN 1818-460X
Номер тома Г.6 1998, 5
801 #1 - ИСТОЧНИК ЗАПИСИ
Страна Российская Федерация
Организация InfoComm
Дата составления 20040406
801 #0 - ИСТОЧНИК ЗАПИСИ
Страна Российская Федерация
Организация NLR
Правила каталогизации PSBO
852 ## - МЕСТОНАХОЖДЕНИЕ И ШИФР ХРАНЕНИЯ
Идентификатор организации NLR
Шифр хранения (Call Number) П17/464
942 ## - ДОПОЛНИТЕЛЬНЫЕ ЭЛЕМЕНТЫ ЗАПИСИ (АБИС)
Тип экземпляра АБИС Выпуск
980 ## - КОЛЛЕКЦИЯ
Название коллекции Национальная библиография
980 ## - КОЛЛЕКЦИЯ
Название коллекции Русская периодика

Нет доступных экземпляров.